• AIU
  • Tony Wilmot Memorial Library

A tale of Pudicho's people : Cashinahua accounts of European contact. (Record no. 63675)

MARC details
000 -LEADER
fixed length control field 00736nam a2200229 a 4500
005 - DATE AND TIME OF LATEST TRANSACTION
control field 20170619150139.0
008 - FIXED-LENGTH DATA ELEMENTS--GENERAL INFORMATION
fixed length control field 050804s2002 txu 001 0 eng d
020 ## - INTERNATIONAL STANDARD BOOK NUMBER
International Standard Book Number 1-55671-131-X
100 1# - MAIN ENTRY--PERSONAL NAME
Personal name Montag, Richard.
245 12 - TITLE STATEMENT
Title A tale of Pudicho's people : Cashinahua accounts of European contact.
260 ## - PUBLICATION, DISTRIBUTION, ETC. (IMPRINT)
Place of publication, distribution, etc Dallas :
Name of publisher, distributor, etc SIL International,
Date of publication, distribution, etc 2002.
300 ## - PHYSICAL DESCRIPTION
Extent 170 p. ; map
440 #0 - SERIES STATEMENT/ADDED ENTRY--TITLE
Title Publications in Ethnology series ; 38
650 #0 - SUBJECT ADDED ENTRY--TOPICAL TERM
Topical term or geographic name as entry element Cashinaua Indians
650 #0 - SUBJECT ADDED ENTRY--TOPICAL TERM
Topical term or geographic name as entry element Panoan Indians
650 #0 - SUBJECT ADDED ENTRY--TOPICAL TERM
Topical term or geographic name as entry element Social Change
General subdivision Brazil
650 #0 - SUBJECT ADDED ENTRY--TOPICAL TERM
Topical term or geographic name as entry element Social Change
General subdivision Peru
650 #0 - SUBJECT ADDED ENTRY--TOPICAL TERM
Topical term or geographic name as entry element Brazil emigration and immigration
650 #0 - SUBJECT ADDED ENTRY--TOPICAL TERM
Topical term or geographic name as entry element Peru emigration and immigration
942 ## - ADDED ENTRY ELEMENTS (KOHA)
Classification part 306.08998
Item part M758t

No items available.